000 00988nam a22003137a 4500
003 CHAP
005 20220329141652.0
008 971013c19801970 r 00010 d
010 _a71923
011 _a72895
035 _a82451
040 _cCHAP
082 _a335.42
_bG3Y
100 0 0 _aGaraudy, Roger.
_945585
245 _aIntroducción al estudio de Marx
260 _aMéxico, D.F. :
_bEra,
_c1980 (c.1970)
300 _a198 p.
490 _aSerie popular Era: 33
590 _aBATCH-UPD
_b10
_c20130110
_lUCH01
_h0409
590 _aBATCH-UPD
_b10
_c20130110
_lUCH01
_h1943
590 _aCONVERSION
_b10
_c20130109
_lUCH01
_h1339
650 1 4 _aMarx, Karl
_y1818-1883.
_972727
650 1 4 _aMarxismo.
_972728
830 0 _aSerie popular Era: 33
_9105003
901 _aBK
942 _cLIBRO
949 _a335.42 G3y
_bBC
_cLIBRO
_d33724000358073
_eLIBRO
_gI.c/e
_h67271
_i82451
_si
_t475.00
949 _a335.42 G3y
_bBC
_cLIBRO
_d33724000358107
_eLIBRO
_fc.2
_gI.C/e
_h67272
_i82451
_si
_t475.00
999 _c71923
_d71923